High School Musical: The Musical: The Series: The Songs - Statistics

General Stats
  • This quiz has been taken 62 times
  • The average score is 6 of 9
Answer Stats
Characters Episode # Song % Correct
Nini and Ashlyn 1, 10 Wondering
85%
Nini 5 All I Want
81%
Kourtney, Nini and Wildcats 4 Born to Be Brave
78%
Nini and Ricky 1 I Think I Kinda You Know
74%
EJ 3 A Billion Sorry's
72%
Ricky and Nini 9 Just For A Moment
72%
Nini 7 Out of The Old
63%
Lucas Grabeel and Miss Jenn 8 Role of A Lifetime
52%
All Wildcats 6 Truth, Justice and Songs in Our Key
48%
No matching quizzes found
Score Distribution
Percent of People with Each Score
Percentile by Number Answered
Your Score History
You have not taken this quiz